000 00880nam a2200265 a 4500
001 25398
003 CO-ViMGA
005 20230915232056.0
008 141112s2004 ck r 000 u spa d
020 _a9788484317906
040 _aCO-ViMGA
_bspa
_cCO-ViMGA
041 _aspa
043 _aa - ja - - -
082 0 4 _a741.5 G14n
100 1 _aGainax, Khara
_938724
245 1 0 _aNeo génesis EvÁngelion /
_cGainax ; ilustración Yoshiyuki Sadamoto
260 _aBarcelona :
_bNorma Editorial,
_c2009.
300 _a[119] p. : il. ; 34 cm.
650 1 4 _aHistorietas
_914186
650 1 4 _aManga (Cómic japonés) - Dibujos.
_938725
700 1 _aAlonso, Eva, ed.
_938726
740 _aNeogénesis evÁngelion : die sterne.
942 _2ddc
_cBK
999 _c32996
_d32996